[Event "Women's Speed Chess Q2"]
[Site "chess.com INT"]
[Date "2021.05.29"]
[Round "8"]
[White "Martynkova, Olena"]
[Black "Golubeva, Oksana"]
[Result "0-1"]
[WhiteTitle "WIM"]
[BlackTitle "WFM"]
[WhiteElo "2195"]
[BlackElo "2179"]
[WhiteFideId "14134039"]
[BlackFideId "4170164"]
[EventDate "2021.05.29"]

1. d4 e6 2. Nf3 Nf6 3. c4 d5 4. g3 b6 5. cxd5 exd5 6. Bg2 Bb7 7. O-O Bd6 8. Nc3
O-O 9. Nb5 Re8 10. Nxd6 cxd6 11. Bg5 Nbd7 12. Rc1 h6 13. Bf4 Ne4 14. Nd2 Qe7 15.
Nb3 Rac8 16. h4 g5 17. hxg5 hxg5 18. Bxe4 dxe4 19. Be3 Kg7 20. d5 Ne5 21. Kg2
Rxc1 22. Qxc1 Bxd5 23. Nd4 Kg6 24. Rh1 Ng4 25. b3 Bb7 26. Qd2 Qf6 27. Nb5 Re5
28. Nd4 Rd5 29. Qc2 Rxd4 30. Bxd4 Qxd4 31. e3 Qf6 32. Qe2 Qf3+ 33. Qxf3 exf3+
34. Kg1 Kg7 35. Rh5 f6 36. Kf1 Ba6+ 37. Ke1 Bd3 38. a3 Bg6 39. Rh1 d5 40. b4 b5
41. Rf1 Bd3 42. Rg1 Bc4 43. Rh1 f5 44. Rh5 Ne5 45. Rxg5+ Kf6 46. Rg8 Nd3+ 0-1

[Event "Women's Speed Chess Q2"]
[Site "chess.com INT"]
[Date "2021.05.29"]
[Round "8"]
[White "Li, Xueyi"]
[Black "Makhija, Aashna"]
[Result "1-0"]
[WhiteTitle "WGM"]
[BlackTitle "WIM"]
[WhiteElo "2328"]
[BlackElo "1969"]
[WhiteFideId "8605912"]
[BlackFideId "25011944"]
[EventDate "2021.05.29"]

1. Nf3 Nf6 2. g3 d5 3. Bg2 e6 4. d4 Be7 5. c4 O-O 6. O-O dxc4 7. Qc2 a6 8. a4
Bd7 9. Rd1 Bc6 10. Bg5 b5 11. Nc3 Qe8 12. Bxf6 Bxf6 13. d5 exd5 14. Nd4 Bxd4 15.
Rxd4 Qe5 16. Rad1 Rd8 17. Nxd5 Nd7 18. Ne7+ Qxe7 19. Bxc6 Nb6 20. Bxa8 Rxd4 21.
Rxd4 Nxa8 22. axb5 axb5 23. Qe4 Qf8 24. Rd7 g6 25. Re7 Kg7 26. Re8 Qb4 27. Qd4+
Kh6 28. Qf4+ Kg7 29. Qe5+ Kh6 30. Rxa8 Qe1+ 31. Kg2 Qd1 32. Rg8 Qc2 33. Qf4+ 1-0

[Event "Women's Speed Chess Q2"]
[Site "chess.com INT"]
[Date "2021.05.29"]
[Round "8"]
[White "Zaksaite, Salomeja"]
[Black "Ovezdurdiyeva, Jemal"]
[Result "0-1"]
[WhiteTitle "WIM"]
[BlackTitle "WFM"]
[WhiteElo "2202"]
[BlackElo "2061"]
[WhiteFideId "12801496"]
[BlackFideId "14001888"]
[EventDate "2021.05.29"]

1. g3 Nf6 2. Bg2 g6 3. b3 Bg7 4. Bb2 O-O 5. e3 d6 6. Ne2 Nc6 7. O-O e5 8. d3 Be6
9. Nd2 Qd7 10. Kh1 Bh3 11. Ng1 Bxg2+ 12. Kxg2 Ne8 13. h3 f5 14. f3 f4 15. e4
fxg3 16. Ne2 Qe7 17. Nxg3 Qg5 18. Nc4 Nf6 19. Bc1 Qh4 20. Be3 Rf7 21. Qd2 h6 22.
Bf2 Nh5 23. Ne2 Qf6 24. Be3 g5 25. Rae1 Qg6 26. Ng3 Nf4+ 27. Kh2 Ne6 28. Nf5
Ncd4 29. Bxd4 Nxd4 30. Nxd4 exd4 31. f4 b5 32. f5 Qh5 33. Na5 Be5+ 34. Kg2 g4
35. hxg4 Qxg4+ 36. Kh1 Qh5+ 0-1

[Event "Women's Speed Chess Q2"]
[Site "chess.com INT"]
[Date "2021.05.29"]
[Round "8"]
[White "Linares Napoles, Oleiny"]
[Black "Padmini, Rout"]
[Result "1-0"]
[WhiteTitle "WGM"]
[BlackTitle "IM"]
[WhiteElo "2255"]
[BlackElo "2370"]
[WhiteFideId "3504794"]
[BlackFideId "5029295"]
[EventDate "2021.05.29"]

1. d4 Nf6 2. Bf4 e6 3. e3 d5 4. Nd2 Bd6 5. c3 Bxf4 6. exf4 O-O 7. Ngf3 b6 8. Bd3
Ba6 9. Bxa6 Nxa6 10. Qe2 Qc8 11. O-O c5 12. Rac1 Qb7 13. Rfe1 b5 14. dxc5 Nxc5
15. Nd4 Rab8 16. N2f3 g6 17. Ne5 Rfc8 18. g3 Nce4 19. f3 Nd6 20. g4 a5 21. Qf2
b4 22. cxb4 Rxc1 23. Rxc1 Qxb4 24. b3 Rc8 25. Nec6 Qb7 26. Qe3 a4 27. Qe5 Nfe8
28. f5 axb3 29. axb3 gxf5 30. gxf5 exf5 31. Ne7+ Kf8 32. Nxc8 Nxc8 33. Qh8+ Ke7
34. Nxf5+ Kd8 35. Re1 Qb6+ 36. Kg2 Qc6 37. Re2 Qg6+ 38. Kf2 Qxf5 39. Qxe8+ Kc7
40. Qb5 Nd6 41. Qc5+ Kd7 42. Qa7+ Kd8 43. Qe7+ Kc8 44. Qxd6 Qd3 45. Re8+ Kb7 46.
Rb8+ Ka7 47. Qb6# 1-0

[Event "Women's Speed Chess Q2"]
[Site "chess.com INT"]
[Date "2021.05.29"]
[Round "8"]
[White "Ziegenfuss, Antonia"]
[Black "Secopito, Catherine"]
[Result "0-1"]
[WhiteTitle "WFM"]
[BlackTitle "WIM"]
[WhiteElo "2157"]
[BlackElo "2075"]
[WhiteFideId "12962554"]
[BlackFideId "5202744"]
[EventDate "2021.05.29"]

1. d4 d5 2. c4 e6 3. Nc3 Nf6 4. cxd5 exd5 5. Bg5 Be7 6. e3 c6 7. Bd3 O-O 8. Nge2
Ne4 9. Bxe7 Qxe7 10. Bxe4 dxe4 11. Ng3 f5 12. O-O Nd7 13. Qc2 Nf6 14. f3 Re8 15.
fxe4 fxe4 16. Rf4 Be6 17. Ncxe4 Nd5 18. Rf3 Bg4 19. Raf1 Bxf3 20. Rxf3 Rf8 21.
Qf2 Rxf3 22. gxf3 Nf6 23. Ng5 h6 24. Nh3 c5 25. e4 cxd4 26. Nf5 Qc5 27. Qg3 Qc1+
28. Kg2 Qd2+ 29. Nf2 Qg5 30. Ng4 Nxg4 31. fxg4 Rd8 32. h4 Qd2+ 33. Kh3 Rd7 34.
Qb8+ Kh7 35. Qe5 Qd3+ 36. Ng3 Rf7 37. g5 hxg5 38. hxg5 Qf3 0-1

[Event "Women's Speed Chess Q2"]
[Site "chess.com INT"]
[Date "2021.05.29"]
[Round "8"]
[White "Belenkaya, Dina"]
[Black "Assaubayeva, Bibisara"]
[Result "0-1"]
[WhiteTitle "WGM"]
[BlackTitle "IM"]
[WhiteElo "2304"]
[BlackElo "2381"]
[WhiteFideId "24142654"]
[BlackFideId "13708694"]
[EventDate "2021.05.29"]

1. e4 c5 2. Nc3 d6 3. g3 g6 4. Bg2 Bg7 5. d3 Nc6 6. Be3 e6 7. Nf3 Nd4 8. Ne2
Nxf3+ 9. Bxf3 Bxb2 10. Rb1 Bg7 11. d4 cxd4 12. Nxd4 Nf6 13. O-O O-O 14. c4 a6
15. Qd2 e5 16. Nb3 b5 17. cxb5 axb5 18. Rfd1 Bb7 19. Bg5 h6 20. Bxf6 Qxf6 21.
Bg2 Rfd8 22. Na5 Ba6 23. Nc6 Rd7 24. Nb4 Bb7 25. Nd5 Bxd5 26. Qxd5 Rda7 27. Rd2
h5 28. Rxb5 Rc8 29. Rb1 h4 30. h3 hxg3 31. fxg3 Bh6 32. Rdb2 Ra3 33. Kh2 Qg5 34.
Rb3 Rxa2 35. Rb8 Rc2 36. Rxc8+ Rxc8 37. Qxd6 Rc3 38. Rb8+ Kh7 39. Rb1 Qxg3+ 40.
Kg1 Rc2 0-1

[Event "Women's Speed Chess Q2"]
[Site "chess.com INT"]
[Date "2021.05.29"]
[Round "8"]
[White "Farhat Willemstein, Stela Souza"]
[Black "Swati, Mohota"]
[Result "0-1"]
[WhiteTitle "WFM"]
[BlackTitle "WFM"]
[WhiteElo "1758"]
[BlackElo "2027"]
[WhiteFideId "2109808"]
[BlackFideId "5006511"]
[EventDate "2021.05.29"]

1. e4 Nf6 2. e5 Nd5 3. c4 Nb6 4. d4 d6 5. exd6 cxd6 6. Nf3 g6 7. Nc3 Bg7 8. Bd3
Bg4 9. O-O O-O 10. Be3 d5 11. c5 Nc8 12. h3 Bxf3 13. Qxf3 Nc6 14. h4 e6 15. Ne2
Qxh4 16. g3 Qf6 17. Qg2 N8e7 18. g4 e5 19. dxe5 Nxe5 20. Bd4 Nf3+ 21. Kh1 Nxd4
22. f4 Qh4+ 23. Kg1 Nxe2+ 24. Bxe2 Bd4+ 25. Rf2 Bxc5 26. Rf1 Bxf2+ 27. Rxf2 Rac8
28. g5 Rc1+ 29. Bf1 Nf5 30. Qf3 Qg3+ 31. Qxg3 Nxg3 32. Kg2 Nxf1 33. Rxf1 Rxf1
34. Kxf1 Re8 35. Kf2 Kg7 36. Kf3 h6 37. gxh6+ Kxh6 0-1

[Event "Women's Speed Chess Q2"]
[Site "chess.com INT"]
[Date "2021.05.29"]
[Round "8"]
[White "Bivol, Alina"]
[Black "Papp, Petra"]
[Result "0-1"]
[WhiteTitle "WGM"]
[BlackTitle "WGM"]
[WhiteElo "2385"]
[BlackElo "2336"]
[WhiteFideId "4100123"]
[BlackFideId "739049"]
[EventDate "2021.05.29"]

1. e4 c6 2. d4 d5 3. e5 c5 4. dxc5 e6 5. Be3 Nd7 6. Nf3 Bxc5 7. Bxc5 Nxc5 8. Qd4
Qb6 9. Nbd2 Ne7 10. Nb3 Nxb3 11. axb3 Qxd4 12. Nxd4 Bd7 13. f4 O-O 14. Bd3 f6
15. exf6 gxf6 16. Bb5 Nc6 17. Nxc6 bxc6 18. Be2 e5 19. O-O e4 20. c3 a5 21. Ra3
c5 22. Rfa1 a4 23. bxa4 d4 24. Bc4+ Kh8 25. Bd5 Rae8 26. a5 e3 27. cxd4 cxd4 28.
a6 e2 29. Kf2 Bb5 30. a7 d3 31. a8=Q d2 32. Re3 Rxa8 33. Rxa8 Rxa8 34. Rxe2 d1=Q 0-1

[Event "Women's Speed Chess Q2"]
[Site "chess.com INT"]
[Date "2021.05.29"]
[Round "8"]
[White "Komiagina, Maria"]
[Black "Serikbay, Assel"]
[Result "1-0"]
[WhiteTitle "WIM"]
[BlackTitle "WIM"]
[WhiteElo "2241"]
[BlackElo "2228"]
[WhiteFideId "4153987"]
[BlackFideId "13706799"]
[EventDate "2021.05.29"]

1. e4 c5 2. Nf3 Nc6 3. Bb5 e6 4. Bxc6 bxc6 5. d3 g6 6. O-O Bg7 7. e5 d6 8. Re1
Ne7 9. Bf4 d5 10. Qd2 Qb6 11. b3 Nf5 12. c4 O-O 13. Nc3 Rd8 14. Na4 Qb4 15. Qc2
Ba6 16. Bd2 Qb8 17. Ba5 dxc4 18. dxc4 Nd4 19. Nxd4 Rxd4 20. Qe2 Bf8 21. Bc3 Rd7
22. Rad1 Qe8 23. Rxd7 Qxd7 24. Rd1 Qc7 25. Qd2 Bg7 26. f4 Qe7 27. h3 Qh4 28. Qf2
Qe7 29. Nxc5 1-0

[Event "Women's Speed Chess Q2"]
[Site "chess.com INT"]
[Date "2021.05.29"]
[Round "8"]
[White "Starosta, Martyna"]
[Black "Nandhidhaa, P V"]
[Result "0-1"]
[WhiteTitle "WCM"]
[BlackTitle "WGM"]
[WhiteElo "1910"]
[BlackElo "2365"]
[WhiteFideId "21818754"]
[BlackFideId "5050847"]
[EventDate "2021.05.29"]

1. e4 c5 2. Nf3 Nc6 3. d4 cxd4 4. Nxd4 Nf6 5. Nc3 d6 6. Bc4 e6 7. Be3 a6 8. Qd2
Be7 9. f4 Qc7 10. Bd3 Nxd4 11. Bxd4 b5 12. O-O Bb7 13. Rae1 O-O 14. Kh1 Rac8 15.
Nd1 Nd7 16. e5 dxe5 17. fxe5 Bc5 18. c3 Rcd8 19. Qf4 Bxd4 20. cxd4 Nb6 21. Ne3
Qe7 22. Ng4 Nd5 23. Qe4 g6 24. Qe2 Qh4 25. Be4 h5 26. Bxd5 Bxd5 27. Nf6+ Kg7 28.
Rc1 Qxd4 29. Rfd1 Qb6 30. Qe3 Qxe3 0-1

[Event "Women's Speed Chess Q2"]
[Site "chess.com INT"]
[Date "2021.05.29"]
[Round "8"]
[White "Marjanovic, Annamaria"]
[Black "Shvedova, Alexandra"]
[Result "1-0"]
[WhiteTitle "WGM"]
[BlackTitle "WFM"]
[WhiteElo "2338"]
[BlackElo "1976"]
[WhiteFideId "750930"]
[BlackFideId "54154782"]
[EventDate "2021.05.29"]

1. c4 e6 2. g3 Nf6 3. Bg2 d5 4. Nf3 dxc4 5. O-O Nc6 6. a4 Be7 7. Na3 Bxa3 8.
Rxa3 Rb8 9. Qc2 Na5 10. Qc3 b6 11. Ne5 Nd5 12. Qd4 c5 13. Qg4 O-O 14. d3 cxd3
15. Rxd3 Qf6 16. f4 Nb4 17. Rdd1 Qe7 18. e4 f6 19. Nd3 Nxd3 20. Rxd3 Ba6 21.
Rfd1 Bxd3 22. Rxd3 Rbd8 23. Rc3 c4 24. Bh3 Rfe8 25. Qe2 Qb4 26. Bf1 Qxa4 27. e5
f5 28. g4 b5 29. gxf5 exf5 30. Rg3 b4 31. Qf2 Qd7 32. Be3 c3 33. bxc3 bxc3 34.
Qc2 Qf7 35. Qxc3 Rc8 36. Qxa5 Rcd8 37. Qa4 Rc8 38. Rg2 h6 39. Qxa7 Kh7 40. Qxf7 1-0

[Event "Women's Speed Chess Q2"]
[Site "chess.com INT"]
[Date "2021.05.29"]
[Round "8"]
[White "Soumya, Swaminathan"]
[Black "Eswaran, Aksithi"]
[Result "1-0"]
[WhiteTitle "IM"]
[BlackTitle "WCM"]
[WhiteElo "2351"]
[BlackElo "1745"]
[WhiteFideId "5016193"]
[BlackFideId "2083485"]
[EventDate "2021.05.29"]

1. b3 d5 2. Bb2 Nf6 3. Nf3 c5 4. c4 e6 5. cxd5 exd5 6. d4 Nc6 7. Nc3 Bf5 8. e3
Be7 9. Bb5 O-O 10. O-O Bg4 11. dxc5 Bxc5 12. Na4 Be7 13. h3 Bh5 14. Be2 Rc8 15.
Rc1 Bg6 16. a3 Ne4 17. b4 a6 18. Qb3 Bf6 19. Rfd1 Ne7 20. Bxf6 Nxf6 21. Nc5 Qb6
22. Ne5 Rfd8 23. Nxg6 hxg6 24. Qb2 Nf5 25. Bg4 Rc6 26. Qe5 Re8 27. Qf4 Nd6 28.
Bf3 Nde4 29. Bxe4 Nxe4 30. Nd7 Qd8 31. Ne5 Rxc1 32. Rxc1 Qe7 33. Ng4 1-0

[Event "Women's Speed Chess Q2"]
[Site "chess.com INT"]
[Date "2021.05.29"]
[Round "8"]
[White "Smirnova, Ekaterina"]
[Black "Zakirova, Aisha"]
[Result "0-1"]
[WhiteTitle "WIM"]
[BlackTitle "WCM"]
[WhiteElo "2240"]
[BlackElo "1585"]
[WhiteFideId "4110943"]
[BlackFideId "13719734"]
[EventDate "2021.05.29"]

1. d4 Nf6 2. c4 g6 3. Nc3 d5 4. cxd5 Nxd5 5. e4 Nxc3 6. bxc3 Bg7 7. Bc4 c5 8.
Ne2 O-O 9. O-O Nc6 10. Be3 a6 11. dxc5 Ne5 12. Bb3 Bd7 13. Nd4 Rc8 14. Ne2 Bb5
15. Qc2 Bd3 16. Qb2 Ng4 17. Rad1 Nxe3 18. fxe3 Rxc5 19. Bc2 Bxe2 20. Rxd8 Rxd8
21. Re1 Bb5 22. a4 Bxc3 23. Qa3 Rdc8 24. Rd1 Be2 25. Rd8+ Kg7 26. Rxc8 Rxc8 27.
Qxe7 Bf6 28. Qxb7 Rxc2 29. a5 Bb5 30. g3 Bg5 31. Qb6 Re2 32. Qd4+ Kg8 33. Qd6
Bxe3+ 34. Kh1 Ra2 35. Qb8+ Kg7 36. Qe5+ Kg8 37. Qb8+ Kg7 38. Qe5+ Kh6 39. h4 Be2
40. Qe8 Bf3# 0-1

[Event "Women's Speed Chess Q2"]
[Site "chess.com INT"]
[Date "2021.05.29"]
[Round "8"]
[White "Zaichenko, Daria"]
[Black "Von Herman, Brigitte"]
[Result "1-0"]
[WhiteTitle "WFM"]
[BlackTitle "WFM"]
[WhiteElo "2104"]
[BlackElo "1991"]
[WhiteFideId "4197453"]
[BlackFideId "4628730"]
[EventDate "2021.05.29"]

1. e4 e5 2. Nf3 Nc6 3. Bc4 Nf6 4. d3 Bc5 5. c3 d6 6. b4 Bb6 7. a4 a6 8. Bb3 h6
9. Nbd2 O-O 10. O-O Re8 11. h3 Nh5 12. Nc4 Nf4 13. Bxf4 exf4 14. Nxb6 cxb6 15.
Nh2 Qf6 16. Ng4 Qxc3 17. Rc1 Bxg4 18. hxg4 Qf6 19. Bd5 Rac8 20. b5 Ne5 21. Rxc8
Rxc8 22. Bxb7 Rc3 23. d4 Nd7 24. bxa6 Qd8 25. a7 Rc8 26. Bxc8 Qxc8 27. Qb3 Qb7
28. Qd5 Qxa7 29. Qxd6 Nf6 30. Qxf4 Qxa4 31. Qb8+ Kh7 32. Qxb6 Nxg4 33. f3 Ne3
34. Rb1 Qc2 35. Qb2 Qd3 36. Re1 Nc4 37. Qf2 Nd2 38. Rd1 Nxf3+ 39. Qxf3 Qc3 40.
Qxc3 1-0

[Event "Women's Speed Chess Q2"]
[Site "chess.com INT"]
[Date "2021.05.29"]
[Round "8"]
[White "Atalik, Ekaterina"]
[Black "Shuvalova, Polina"]
[Result "0-1"]
[WhiteTitle "IM"]
[BlackTitle "IM"]
[WhiteElo "2430"]
[BlackElo "2484"]
[WhiteFideId "4130189"]
[BlackFideId "24171760"]
[EventDate "2021.05.29"]

1. Nf3 Nf6 2. g3 e6 3. Bg2 d5 4. O-O Be7 5. d4 O-O 6. b3 b6 7. Bb2 Bb7 8. c4
dxc4 9. bxc4 c5 10. e3 Nc6 11. Nbd2 cxd4 12. exd4 Rc8 13. Qe2 Qc7 14. Rac1 Rfd8
15. Rfd1 h6 16. Nf1 Qb8 17. Ne3 Na5 18. d5 Qa8 19. dxe6 fxe6 20. Nd4 Bxg2 21.
Nxg2 Qe4 22. Ne3 e5 23. Ndf5 Bc5 24. f3 Bxe3+ 25. Nxe3 Qc6 26. Bxe5 Rxd1+ 27.
Rxd1 Re8 28. f4 Ne4 29. Rd4 Nc5 30. Nd5 Qg6 31. Kg2 Nc6 32. Rd1 Qf5 33. Ne3 Qe4+
34. Qf3 Nxe5 35. Qxe4 Nxe4 36. fxe5 Rxe5 37. Rd8+ Kh7 38. Rd7 Ra5 39. Kf3 Nf6
40. Rb7 Kg6 41. h4 h5 42. Ng2 Ra3+ 0-1

[Event "Women's Speed Chess Q2"]
[Site "chess.com INT"]
[Date "2021.05.29"]
[Round "8"]
[White "Priyanka, K"]
[Black "Daulyte-Cornette, Deimante"]
[Result "0-1"]
[WhiteTitle "WIM"]
[BlackTitle "IM"]
[WhiteElo "2218"]
[BlackElo "2387"]
[WhiteFideId "5082986"]
[BlackFideId "12802859"]
[EventDate "2021.05.29"]

1. e4 Nf6 2. e5 Nd5 3. d4 d6 4. c4 Nb6 5. exd6 cxd6 6. Nc3 g6 7. Be3 Bg7 8. Rc1
O-O 9. b3 Bf5 10. Nf3 d5 11. c5 Nc8 12. Bd3 Bg4 13. h3 Bxf3 14. Qxf3 e6 15. O-O
Nc6 16. Ne2 f5 17. Rfd1 g5 18. Qh5 h6 19. h4 f4 20. Qg6 Rf6 21. Qh7+ Kf7 22. Bd2
Qg8 23. Qxg8+ Kxg8 24. b4 Rf8 25. Bc3 a6 26. a4 N8e7 27. b5 axb5 28. axb5 Na5
29. hxg5 hxg5 30. Bb4 Nb3 31. Rb1 Nxd4 32. Nxd4 Bxd4 33. c6 Rfe8 34. c7 b6 35.
Rdc1 Nc8 36. Bg6 Re7 37. Bxe7 Nxe7 38. Rb4 Bc5 0-1

[Event "Women's Speed Chess Q2"]
[Site "chess.com INT"]
[Date "2021.05.29"]
[Round "8"]
[White "Ribeiro, Regina"]
[Black "Antonova, Nadezhda"]
[Result "0-1"]
[WhiteTitle "WIM"]
[BlackTitle "WFM"]
[WhiteElo "1920"]
[BlackElo "1877"]
[WhiteFideId "2100681"]
[BlackFideId "14700182"]
[EventDate "2021.05.29"]

1. Nf3 Nf6 2. b3 g6 3. Bb2 Bg7 4. e3 O-O 5. c4 d6 6. d4 Nbd7 7. Be2 Re8 8. d5 e5
9. dxe6 Rxe6 10. O-O a5 11. Nc3 Nc5 12. Nd4 Re8 13. Ndb5 Bd7 14. Bf3 Bc6 15. Nd4
Bxf3 16. Qxf3 Nd3 17. Qe2 Nxb2 18. Qxb2 c5 19. Ndb5 d5 20. Rad1 a4 21. Qc2 axb3
22. axb3 Re5 23. cxd5 Nxd5 24. Nxd5 Rxd5 25. Rxd5 Qxd5 26. Nc7 Qd8 27. Nxa8 Qxa8
28. Rd1 b6 29. g3 h5 30. Rd7 Qc6 31. Qd3 b5 32. Qd5 Qxd5 33. Rxd5 Bf8 34. Kf1
Kg7 35. Ke2 Kf6 36. Kd3 Ke6 37. e4 f5 38. f4 Be7 39. b4 c4+ 40. Ke3 Bxb4 41.
Rxb5 Be7 0-1

[Event "Women's Speed Chess Q2"]
[Site "chess.com INT"]
[Date "2021.05.29"]
[Round "8"]
[White "Zawadzka, Jolanta"]
[Black "Bodnaruk, Anastasia"]
[Result "0-1"]
[WhiteTitle "WGM"]
[BlackTitle "IM"]
[WhiteElo "2399"]
[BlackElo "2457"]
[WhiteFideId "1122320"]
[BlackFideId "4181751"]
[EventDate "2021.05.29"]

1. e4 c5 2. Nf3 d6 3. d4 cxd4 4. Nxd4 Nf6 5. f3 e5 6. Nb3 Be7 7. c4 a5 8. Be3 a4
9. N3d2 Qa5 10. Be2 Nc6 11. O-O O-O 12. Nc3 a3 13. Nb3 Qb4 14. Qc2 axb2 15. Qxb2
Nd4 16. Rfc1 Be6 17. Bxd4 exd4 18. Nb5 Nd7 19. a3 Qa4 20. N3xd4 Bf6 21. Qd2 Nc5
22. Rab1 Rad8 23. Bd1 Qa8 24. Kh1 h6 25. Nc7 Qc8 26. Nd5 Bxd5 27. cxd5 Rfe8 28.
Nf5 Bg5 29. Ne3 Qd7 30. Rc4 f5 31. h4 Bf4 32. g3 Bxe3 33. Qxe3 fxe4 34. fxe4
Qh3+ 35. Kg1 Re5 36. Bf3 Qxg3+ 37. Kh1 Qxh4+ 38. Kg2 Rg5+ 39. Kf1 Rf8 40. Ke2
Rg3 41. Rf1 Qh3 42. Rc3 g5 43. Rf2 g4 44. Kd2 Rgxf3 45. Rxf3 Rxf3 46. Qd4 Qg2+
47. Kc1 Rf1+ 0-1

[Event "Women's Speed Chess Q2"]
[Site "chess.com INT"]
[Date "2021.05.29"]
[Round "8"]
[White "Nomin-Erdene, Davaademberel"]
[Black "Narva, Mai"]
[Result "0-1"]
[WhiteTitle "IM"]
[BlackTitle "WIM"]
[WhiteElo "2382"]
[BlackElo "2276"]
[WhiteFideId "4900782"]
[BlackFideId "4500512"]
[EventDate "2021.05.29"]

1. f4 c5 2. Nf3 Nc6 3. g3 d5 4. Bg2 Nf6 5. O-O Bf5 6. d3 Qd7 7. Qe1 Bh3 8. c3
Bxg2 9. Kxg2 e6 10. Na3 Be7 11. Bd2 d4 12. Rd1 O-O 13. Nc4 Nd5 14. Nce5 Nxe5 15.
Nxe5 Qa4 16. c4 Nb6 17. Ra1 f6 18. b3 Qe8 19. Nf3 Bd6 20. e4 dxe3 21. Qxe3 Rd8
22. Rae1 e5 23. fxe5 Bxe5 24. Nxe5 fxe5 25. Qxe5 Qc6+ 26. Kg1 Rxf1+ 27. Rxf1
Rxd3 28. Bc3 Qd7 29. Qxc5 h6 30. Qe5 Nc8 31. c5 a5 32. a3 Na7 33. b4 Nc6 34. Qe1
Ne7 35. Qe5 Nd5 36. Bd4 Nf6 37. Bf2 Rxa3 38. bxa5 Rxa5 39. Qf4 Ra2 40. Be3 Qd5
41. Qf3 Qe6 42. Bxh6 Nd7 43. Be3 Nf6 0-1

[Event "Women's Speed Chess Q2"]
[Site "chess.com INT"]
[Date "2021.05.29"]
[Round "8"]
[White "Varshini, V"]
[Black "Lujan, Carolina"]
[Result "1-0"]
[WhiteTitle "WGM"]
[BlackTitle "IM"]
[WhiteElo "2226"]
[BlackElo "2346"]
[WhiteFideId "5091241"]
[BlackFideId "109878"]
[EventDate "2021.05.29"]

1. e4 c5 2. Nc3 Nc6 3. Nge2 e6 4. g3 g6 5. Bg2 Bg7 6. d3 Nge7 7. Be3 d6 8. Qd2
Nd4 9. Nc1 O-O 10. Nd1 Rb8 11. c3 Ndc6 12. Bh6 b5 13. h4 Ne5 14. h5 Bxh6 15.
Qxh6 Ng4 16. Qg5 e5 17. f3 f6 18. Qd2 g5 19. fxg4 Bxg4 20. Ne3 Be6 21. Ne2 h6
22. g4 a5 23. Ng3 c4 24. d4 exd4 25. Qxd4 Nc6 26. Qd2 Ne5 27. Ngf5 Nd3+ 28. Ke2
Kh7 29. Bf1 Nf4+ 30. Kf3 d5 31. exd5 Nxd5 32. Rd1 Nxe3 33. Qxd8 Rfxd8 34. Rxd8
Rxd8 35. Kxe3 Rd1 36. Bg2 Rd7 37. Be4 Kh8 38. Nxh6 b4 39. Bf5 Re7 40. Bxe6 Rxe6+
41. Kd4 bxc3 42. bxc3 Re2 43. Nf5 Rxa2 44. h6 Rd2+ 45. Kxc4 Rg2 46. Rd1 Rxg4+
47. Kb5 Kh7 48. Rd7+ Kg6 49. h7 Kxf5 50. h8=Q Rh4 51. Qc8 a4 52. Rd4+ Kg6 53.
Rxh4 gxh4 54. Kxa4 Kg5 55. Qh3 f5 56. c4 f4 57. c5 1-0

[Event "Women's Speed Chess Q2"]
[Site "chess.com INT"]
[Date "2021.05.29"]
[Round "8"]
[White "Nguyen, Hong Anh"]
[Black "Girya, Olga"]
[Result "1-0"]
[WhiteTitle "WIM"]
[BlackTitle "WGM"]
[WhiteElo "1993"]
[BlackElo "2451"]
[WhiteFideId "12406732"]
[BlackFideId "4195752"]
[EventDate "2021.05.29"]

1. d4 d5 2. c4 e6 3. Nf3 Nf6 4. g3 Bb4+ 5. Bd2 Be7 6. Bg2 O-O 7. O-O Nbd7 8. Qc2
c6 9. Bf4 b6 10. Nbd2 Nh5 11. Be3 Bb7 12. Ne5 Nhf6 13. Bf4 Nxe5 14. Bxe5 c5 15.
cxd5 Bxd5 16. e4 Bb7 17. dxc5 Rc8 18. Nb3 bxc5 19. Rad1 Qb6 20. Nd2 Ba6 21. Rfe1
c4 22. Bxf6 gxf6 23. e5 Rfd8 24. exf6 Bxf6 25. Ne4 Be7 26. h4 Rd4 27. Rxd4 Qxd4
28. Rd1 Qb6 29. Rd7 Rc7 30. Rd2 Rc8 31. Qc3 Rd8 32. Re2 Qd4 33. Qa5 Bb7 34. Rd2
Qb6 35. Rxd8+ Qxd8 36. Qc3 Bd5 37. Bf3 f5 38. Nd2 Bf6 39. Qc2 Bxf3 40. Nxf3 Qd5
41. Nd2 c3 42. bxc3 Qc5 43. c4 Bd4 44. Nb3 Qb6 45. c5 Qb4 46. Nxd4 Qxd4 47. c6
Qd8 48. c7 Qc8 49. Qc6 Kf7 50. Qd6 1-0

[Event "Women's Speed Chess Q2"]
[Site "chess.com INT"]
[Date "2021.05.29"]
[Round "8"]
[White "Cori T., Deysi"]
[Black "Tokhirjonova, Gulrukhbegim"]
[Result "0-1"]
[WhiteTitle "WGM"]
[BlackTitle "WGM"]
[WhiteElo "2388"]
[BlackElo "2350"]
[WhiteFideId "3801934"]
[BlackFideId "14203626"]
[EventDate "2021.05.29"]

1. d4 Nf6 2. Nf3 e6 3. e3 d5 4. Bd3 c5 5. b3 Nc6 6. O-O Bd6 7. Bb2 O-O 8. a3 Re8
9. Nbd2 Qc7 10. dxc5 Bxc5 11. e4 dxe4 12. Nxe4 Nxe4 13. Bxe4 e5 14. b4 Bf8 15.
Ng5 h6 16. Qh5 Qe7 17. f4 Bd7 18. Rae1 g6 19. Bxg6 fxg6 20. Qxg6+ Qg7 21. Qxg7+
Bxg7 22. Ne4 exf4 23. Bxg7 Kxg7 24. Rxf4 Rf8 25. Rh4 Rae8 26. Rd1 Be6 27. Nc5 b6
28. Ne4 Rd8 29. Re1 Nd4 30. Ng3 Nxc2 31. Rc1 Rc8 32. h3 Rc3 33. Ne4 Rc4 34. Rd1
Ne3 35. Rd6 Bf5 36. Nd2 Rxh4 37. g4 Bxg4 38. hxg4 Rxg4+ 39. Kh2 Nf1+ 40. Kh3 Rg6
41. Rd7+ Kg8 42. Rd4 Nxd2 43. Rxd2 Rf3+ 44. Kh4 Rxa3 45. Rd7 Rg7 46. Rd8+ Kh7
47. Rd6 a5 48. b5 Ra4+ 49. Kh5 Rg5# 0-1

[Event "Women's Speed Chess Q2"]
[Site "chess.com INT"]
[Date "2021.05.29"]
[Round "8"]
[White "Zhai, Mo"]
[Black "Ambartsumova, Karina"]
[Result "0-1"]
[WhiteTitle "WGM"]
[BlackTitle "IM"]
[WhiteElo "2366"]
[BlackElo "2382"]
[WhiteFideId "8600201"]
[BlackFideId "4166299"]
[EventDate "2021.05.29"]

1. Nf3 Nf6 2. g3 g6 3. Bg2 Bg7 4. O-O O-O 5. c4 d6 6. d4 c6 7. Nc3 Bf5 8. Nh4
Be6 9. d5 cxd5 10. cxd5 Bd7 11. Nf3 a5 12. Nd4 Na6 13. e4 Nc5 14. h3 a4 15. Be3
Qa5 16. Qe2 a3 17. Rfd1 Rfc8 18. Rab1 axb2 19. Qxb2 Ne8 20. Bf1 Nc7 21. Bd2 Bxd4
22. Qc2 Qa7 23. Bh6 Bh8 24. Bg5 Na4 25. Ne2 Nxd5 26. Qb3 Ndc3 27. Bxe7 Nxd1 28.
Rxd1 Be6 29. Qb4 Nc3 30. Rxd6 Nxe2+ 31. Bxe2 Qxa2 32. Rd2 Qa1+ 33. Kg2 Qc3 34.
Qd6 Qc6 35. Qf4 Bg7 36. h4 h5 37. Bf3 Qc7 38. Bd6 Qc3 39. Be7 Qe5 40. Qe3 Rc3
41. Qe2 Bc4 42. Qd1 Qxe7 0-1